[Event "Match"]
[Site "www.echecsemail.com"]
[Date "2016.04.20"]
[Round "1"]
[White "Paco"]
[Black "Duff"]
[WhiteElo "1850"]
[BlackElo "1920"]
[Result "0-1"]
[Round "1"]
1.e4 c5
2.d4 cxd4
3.Qd1xd4 Nb8c6
4.Qd4a4 d6
5.Ng1f3 Ng8f6
6.Bf1b5 Bc8d7
7.Nb1c3 a6
8.Bb5xc6 Bd7xc6
9.Qa4c4 Ra8c8
10.Nf3g5 e6
11.O-O Bc6xe4
12.Qc4a4 Be4c6
13.Qa4c4 Bc6xg2
14.Ng5xe6 Qd8d7
15.Rf1e1 Rc8xc4
16.Ne6c5 Qd7e7
17.Re1xe7 Bf8xe7
18.Kxg2 Rc4xc5
19.Bc1e3 Rc5c8
20.a4 O-O
21.Ra1a3 d5
22.Ra3b3 Rc8c7
23.Be3f4 Rc7d7
24.Nc3e2 Rf8c8
25.c3 Rc8c4
26.a5 Rc4a4
27.Rb3a3 Be7xa3
28.bxa3 Ra4xa5
29.Ne2d4 Ra5xa3
30.Bf4e5 Nf6e4
31.Nd4c2 Ra3a2
32.Nc2d4 Ra2xf2
33.Kg1 a5
34.Nd4b5 Rd7e7
35.Be5d4 Rf2c2
{ resign }
0-1

[Event "Match"]
[Site "www.echecsemail.com"]
[Date "2016.04.20"]
[Round "1"]
[White "Orae"]
[Black "Pariolinius"]
[WhiteElo "1720"]
[BlackElo "1750"]
[Result "1-0"]
[Round "1"]
1.e4 c5
2.Bf1c4 Nb8c6
3.Qd1f3 e6
4.d3 Nc6d4
5.Qf3d1 Bf8e7
6.Bc1e3 b6
7.Be3xd4 cxd4
8.Qd1f3 Bc8b7
9.Ng1e2 Be7c5
10.O-O d5
11.exd5 exd5
12.Bc4b5 Kf8
13.Ne2f4 Ng8f6
14.Rf1e1 g6
15.Qf3e2 Kg7
16.Nb1d2 a6
17.Bb5a4 b5
18.Ba4b3 { resign }
1-0

[Event "Match"]
[Site "www.echecsemail.com"]
[Date "2016.04.20"]
[Round "1"]
[White "Gilliere"]
[Black "Pariolinius"]
[WhiteElo "2000"]
[BlackElo "1750"]
[Result "1-0"]
[Round "1"]
1.e4 d6
2.d4 Ng8f6
3.Nb1c3 g6
4.Ng1f3 Bf8g7
5.e5 dxe5
6.dxe5 Nf6d7
7.Bc1f4 e6
8.Bf1e2 O-O
9.O-O Nb8c6
10.Be2b5 a6
11.Bb5xc6 bxc6
12.Ra1b1 Bc8b7
13.Qd1d3 { resign }
1-0

[Event "1/128 Finale"]
[Site "www.chess-mail.com"]
[Date "2016.04.20"]
[Round "1"]
[White "Maredocla"]
[Black "Ssharp"]
[WhiteElo "2080"]
[BlackElo "2230"]
[Result "0-1"]
[Round "1"]
1.f4 d5
2.Ng1f3 Ng8f6
3.b3 e6
4.Bc1b2 Bf8c5
5.e3 Nb8d7
6.Bf1e2 c6
7.O-O Qd8c7
8.d4 Bc5e7
9.c4 b6
10.Nb1a3 O-O
11.Ra1c1 Bc8b7
12.Nf3e5 dxc4
13.Be2xc4 Nd7xe5
14.fxe5 Nf6d5
15.Qd1f3 Qc7d7
16.Qf3h3 Nd5c7
17.Rc1d1 Ra8d8
18.Bc4d3 g6
19.Na3c4 b5
20.Nc4d2 c5
21.Bd3e4 { time. }
0-1

[Event "Eq:Equipo Juan Diaz-chibcha : "]
[Site "www.chess-mail.com"]
[Date "2016.04.20"]
[Round "1"]
[White "Estonia"]
[Black "Ilusion"]
[WhiteElo "1970"]
[BlackElo "2120"]
[Result "0-1"]
[Round "1"]
1.d4 d5
2.Ng1f3 Ng8f6
3.c4 e6
4.Nb1c3 Bf8e7
5.e3 O-O
6.Bf1d3 c6
7.O-O dxc4
8.Bd3xc4 b5
9.Bc4b3 a6
10.Bb3c2 Bc8b7
11.Qd1d3 Nb8d7
12.e4 c5
13.e5 c4
14.Qd3e2 Nf6d5
15.Qe2e4 g6
16.Qe4g4 Rf8e8
17.Bc1g5 Be7xg5
18.Nc3xd5 Bb7xd5
19.Qg4xg5 Bd5xf3
20.Qg5xd8 Ra8xd8
21.gxf3 Nd7b6
22.Ra1d1 Nb6d5
23.h4 Nd5f4
24.Rf1e1 Rd8d7
25.Kh2 Re8d8
26.Re1e4 Nf4h5
27.a4 Nh5g7
28.Re4g4 h5
29.Rg4f4 b4
30.Rf4e4 Ng7f5
31.Kh3 Rd7xd4
32.Re4xd4 Rd8xd4
33.Rd1xd4 Nf5xd4
34.Bc2e4 c3
35.bxc3 bxc3
36.f4 c2
37.Be4xc2 Nd4xc2
38.Kg3 Nc2e1
39.f3 Ne1d3
40.a5 Kf8
{ resign }
0-1

[Event "Eq:Equipo Juan Diaz-chibcha : "]
[Site "www.chess-mail.com"]
[Date "2016.04.20"]
[Round "1"]
[White "Whitekknight"]
[Black "Naujzaid"]
[WhiteElo "1930"]
[BlackElo "2090"]
[Result "0-1"]
[Round "1"]
1.e4 c5
2.Ng1f3 d6
3.d4 cxd4
4.Nf3xd4 Ng8f6
5.Nb1c3 e6
6.a3 a6
7.Bc1g5 Bf8e7
8.Bf1d3 O-O
9.Nd4f3 Nb8c6
10.O-O b5
11.b4 Bc8b7
12.Rf1e1 Ra8c8
13.Bg5e3 Nc6xb4
14.axb4 Rc8xc3
15.Be3d4 Rc3c8
16.Ra1c1 d5
17.e5 Nf6e4
18.Bd3xe4 dxe4
19.Bd4c3 exf3
20.gxf3 Rc8xc3
{ resign }
0-1

[Event "Fast Game"]
[Site "www.echecsemail.com"]
[Date "2016.04.20"]
[Round "1"]
[White "Fkarpov"]
[Black "Attatroll"]
[WhiteElo "1970"]
[BlackElo "1830"]
[Result "0-1"]
[Round "1"]
1.e4 d6
2.Ng1f3 Ng8f6
3.Nb1c3 g6
4.d4 Bf8g7
5.Bc1e3 O-O
6.Bf1d3 c6
7.h3 Nb8d7
8.O-O e5
9.d5 c5
 { time }
0-1

[Event "Tourn. n8675"]
[Site "www.chess-mail.com"]
[Date "2016.04.21"]
[Round "1"]
[White "Daquata"]
[Black "Jjmcbride"]
[WhiteElo "1630"]
[BlackElo "1680"]
[Result "0-1"]
[Round "1"]
1.e4 e5
2.Ng1f3 d6
3.d4 exd4
4.Nf3xd4 d5
5.exd5 Qd8xd5
6.Nb1c3 Qd5e5
7.Bf1e2 Bf8d6
8.Nd4f3 Qe5c5
9.O-O Ng8f6
10.Rf1e1 O-O
11.Bc1e3 Qc5h5
12.h3 h6
13.Nf3d4 Qh5e5
14.Nd4f3 Qe5e6
15.Be2d3 Nb8c6
16.Be3xh6 Nc6e5
17.Nf3xe5 Bd6xe5
18.Bh6f4 Nf6d7
19.Bf4xe5 Nd7xe5
20.f4 Qe6b6
21.Kh2 Ne5xd3
22.Qd1xd3 c6
23.f5 Qb6xb2
24.f6 g6
25.Nc3e4 Bc8f5
26.Re1b1 Qb2e5
{ resign }
0-1

[Event "Tourn. n8608"]
[Site "www.chess-mail.com"]
[Date "2016.04.21"]
[Round "1"]
[White "Fkarpov"]
[Black "Umzi"]
[WhiteElo "2110"]
[BlackElo "2210"]
[Result "1-0"]
[Round "1"]
1.e4 d5
2.exd5 Qd8xd5
3.Nb1c3 Qd5a5
4.Bf1c4 Ng8f6
5.Ng1f3 Bc8g4
6.h3 Bg4xf3
7.Qd1xf3 c6
8.O-O e6
9.Nc3e4 Nb8d7
10.d3 Bf8e7
11.Bc1d2 Qa5d8
12.Bd2c3 O-O
13.Qf3g3 Nd7b6
14.Bc4b3 Nb6d5
15.Bc3e5 g6
16.c4 Nf6xe4
17.dxe4 Nd5f6
18.Ra1d1 Qd8e8
19.Qg3f4 Nf6h5
20.Qf4f3 f6
21.Be5c3 e5
22.Rd1d2 Be7c5
23.Rf1d1 Nh5f4
24.Bb3a4 a5
25.Ba4b3 Qe8e6
26.a4 Qe6e8
27.Bb3c2 Rf8f7
28.Bc3xa5 Nf4e6
29.Ba5c3 Bc5d4
30.b3 c5
31.h4 Qe8e7
32.Bc2b1 Rf7g7
33.Rd1c1 Ne6f4
34.g3 Nf4h5
35.Rd2d1 Qe7f7
36.Bc3e1 g5
37.hxg5 Rg7xg5
38.Kf1 Qf7e6
39.Qf3h1 Nh5g7
40.Bb1c2 Ra8f8
41.Rd1d3 f5
42.Rc1d1 fxe4
43.Qh1xe4 Rg5g4
44.Qe4d5 Qe6xd5
45.cxd5 Rf8d8
46.Bc2b1 Rd8xd5
47.b4 c4
48.Bb1a2 Rd5d6
49.Ba2xc4 Kf8
50.Rd3f3 Ke8
51.Rf3f7 Rd6d7
52.Rf7f6 Rd7e7
53.Bc4d3 h5
54.Bd3e2 Rg4g5
55.Be1d2 Rg5f5
56.Be2b5 Kd8
57.Rf6xf5 Ng7xf5
58.Bd2g5 { resign }
1-0

[Event "Tourn. n8622"]
[Site "www.chess-mail.com"]
[Date "2016.04.21"]
[Round "1"]
[White "Bjonil60"]
[Black "Koumaak"]
[WhiteElo "1340"]
[BlackElo "1499"]
[Result "0-1"]
[Round "1"]
1.Nb1c3 d6
2.e3 Ng8f6
3.Qd1e2 e5
4.e4 Nb8c6
5.Ng1f3 Bc8g4
6.h3 Bg4h5
7.g4 Bh5g6
8.a3 Qd8d7
9.Bf1g2 O-O-O
10.d3 d5
11.O-O d4
12.Nc3a2 b6
13.c3 Bf8c5
14.b4 Bc5e7
15.c4 h5
16.g5 Nf6h7
17.Nf3d2 Be7xg5
18.Nd2f3 Bg5xc1
19.Na2xc1 f5
20.b5 Nc6a5
21.h4 Qd7e7
22.Nf3d2 Qe7xh4
23.f3 Nh7f6
24.Nc1b3 Na5xb3
25.Nd2xb3 fxe4
26.fxe4 Qh4g5
27.Kh1 Qg5h4
28.Kg1 Nf6g4
29.Bg2f3 Ng4e3
30.Rf1f2 Rh8f8
31.Bf3h1 Rf8xf2
32.Qe2xf2 Qh4xf2
33.Kxf2 Rd8f8
34.Ke2 h4
35.Bh1f3 Rf8h8
36.Ra1c1 Bg6h5
37.Bf3xh5 Rh8xh5
38.Rc1h1 g5
39.Kf3 g4
40.Kf2 g3
41.Kg1 h3
42.Nb3d2 h2
43.Rh1xh2 gxh2
44.Kh1 Ne3g4
45.Nd2f3 Rh5h3
46.Nf3e1 Ng4f2
47.Kg2 h1Q
48.Kxf2 Qh1h2
49.Ne1g2 Rh3g3
50.a4 Qh2xg2
51.Ke1 Rg3h3
52.Kd1 Rh3h1

0-1

[Event "Tourn. n8670"]
[Site "www.chess-mail.com"]
[Date "2016.04.21"]
[Round "1"]
[White "Sik"]
[Black "Hansen"]
[WhiteElo "1710"]
[BlackElo "1620"]
[Result "1-0"]
[Round "1"]
1.c4 e5
2.g3 Nb8c6
3.Bf1g2 Nc6b4
4.Nb1c3 c6
5.a3 Nb4a6
6.e4 Na6c5
7.b4 Nc5e6
8.Ng1e2 g6
9.d3 h5
10.d4 f5
11.exf5 gxf5
12.dxe5 Bf8g7
13.f4 a5
14.b5 c5
15.O-O h4
16.Bg2f3 hxg3
17.Ne2xg3 Qd8h4
18.Rf1f2 Ne6d4
19.Bc1e3 Nd4e6
20.Ng3xf5 Qh4h7
21.Nf5d6 Kd8
22.Nd6f7 Ke7
23.Nf7xh8 Qh7xh8
24.Qd1d6 Kf7
25.Bf3d5 Qh8h4
26.Rf2g2 Qh4h3
27.Rg2g3 Qh3f5
28.Be3xc5 Qf5xf4
29.Ra1f1 Bg7xe5
30.Qd6f8 { resign }
1-0

[Event "Tourn. n8683"]
[Site "www.chess-mail.com"]
[Date "2016.04.21"]
[Round "1"]
[White "Azulmarino"]
[Black "Tevere"]
[WhiteElo "1430"]
[BlackElo "1849"]
[Result "0-1"]
[Round "1"]
1.e4 e5
2.Ng1f3 Nb8c6
3.Bf1c4 Ng8f6
4.a3 Nf6xe4
5.d3 Ne4f6
6.Bc1g5 Bf8c5
7.Nb1c3 h6
8.Bg5h4 g5
9.Bh4g3 d6
10.O-O g4
11.Nf3h4 Qd8e7
12.Rf1e1 Bc8d7
13.d4 Nc6xd4
14.Nc3d5 Nf6xd5
15.Bc4xd5 O-O-O
16.c3 Nd4f5
17.Qd1xg4 Nf5e3
18.Qg4f3 Ne3c2
19.Bd5xb7 Kb8
20.Bb7a8 Bd7c8
21.Nh4f5 Qe7g5
22.Ra1c1 Nc2xe1
23.Rc1xe1 Qg5xf5
24.Qf3d5 Qf5c2
25.Qd5c6 Qc2xb2
26.Qc6e4 f5
27.Qe4d5 Rd8g8
28.Ba8c6 Rg8xg3
29.hxg3 Qb2xf2
30.Kh2 Qf2xe1
31.Qd5b3 Bc5b6
32.a4 Qe1g1
{ resign }
0-1

[Event "Tourn. n8608"]
[Site "www.chess-mail.com"]
[Date "2016.04.21"]
[Round "1"]
[White "Osopanda"]
[Black "Fkarpov"]
[WhiteElo "2020"]
[BlackElo "2110"]
[Result "1-0"]
[Round "1"]
1.d4 Ng8f6
2.c4 e6
3.Nb1c3 Bf8b4
4.f3 c5
5.d5 Bb4xc3
6.bxc3 O-O
7.e4 d6
8.dxe6 Bc8xe6
9.Bf1d3 Nb8c6
10.Ng1e2 Nc6e5
11.Ne2f4 Be6xc4
12.Bd3e2 b5
13.Bc1e3 Bc4xe2
14.Qd1xe2 Ne5c4
15.Be3f2 Rf8e8
16.O-O Ra8c8
17.Ra1d1 Qd8d7
18.Rd1d3 Nc4e5
19.Rd3d1 Ne5c4
20.Nf4d5 Nf6xd5
21.Rd1xd5 Nc4e5
22.Rf1d1 Re8e6
23.f4 Ne5c4
24.e5 Qd7e7
25.Qe2g4 dxe5
26.f5 Re6d6
27.Bf2h4 f6
28.Bh4f2 a6
29.a4 Rd6xd5
30.Rd1xd5 Nc4b6
31.Rd5d1 Nb6xa4
32.Rd1d3 a5
33.h4 Rc8d8
34.Rd3g3 Na4b2
35.Kh2 Nb2a4
36.h5 Qe7f7
37.h6 Rd8d7
38.hxg7 Qf7xg7
39.Qg4h5 Na4xc3
40.Qh5e8 { resign }
1-0

[Event "Tourn. n8665"]
[Site "www.chess-mail.com"]
[Date "2016.04.21"]
[Round "1"]
[White "Roserl"]
[Black "Luban"]
[WhiteElo "1920"]
[BlackElo "2050"]
[Result "1-0"]
[Round "1"]
1.e4 c5
2.Ng1f3 d6
3.d4 cxd4
4.Nf3xd4 Ng8f6
5.Nb1c3 a6
6.Bc1g5 e6
7.f4 Bf8e7
8.Qd1f3 Qd8c7
9.O-O-O Bc8d7
10.g4 Nb8c6
11.Nd4xc6 Bd7xc6
12.Bf1d3 O-O
13.Rh1g1 h6
14.Bg5h4 Nf6xe4
15.Bd3xe4 Be7xh4
16.g5 hxg5
17.fxg5 Ra8c8
18.Qf3g4 Bh4f2
19.Rg1g2 Bf2c5
20.g6 Bc5e3
21.Kb1 Bc6xe4
22.Qg4xe4 Be3h6
23.gxf7 Rf8xf7
24.Qe4xe6 Kh8
25.a3 Rf7f6
26.Qe6h3 Qc7c6
27.Rg2g3 Kg8
28.Qh3g4 Rc8f8
29.Nc3d5 Rf6f7
30.Qg4h4 Kh8
31.Nd5e7 { resign }
1-0

[Event "Tourn. n8692"]
[Site "www.chess-mail.com"]
[Date "2016.04.21"]
[Round "1"]
[White "0o0o0"]
[Black "Roque1"]
[WhiteElo "1940"]
[BlackElo "2040"]
[Result "1-0"]
[Round "1"]
1.e4 c5
2.Ng1f3 e6
3.d4 cxd4
4.Nf3xd4 Ng8f6
5.Nb1c3 Bf8b4
6.e5 Nf6d5
7.Bc1d2 Nd5xc3
8.bxc3 Qd8b6
9.Qd1g4 Bb4f8
10.Bf1d3 Nb8c6
11.Qg4f4 Bf8c5
12.O-O Nc6xd4
13.cxd4 Bc5xd4
14.Ra1b1 Qb6c5
15.Rb1b5 g5
16.Qf4f6 Bd4xe5
17.Qf6xh8 Be5xh8
18.Rb5xc5 Bh8d4
19.Rc5xg5 Kf8
20.Bd2b4 d6
21.Bb4xd6 Ke8
22.Bd3b5 { resign }
1-0

[Event "Tourn. n8726"]
[Site "www.chess-mail.com"]
[Date "2016.04.21"]
[Round "1"]
[White "Pellix84"]
[Black "Bojan"]
[WhiteElo "2020"]
[BlackElo "1910"]
[Result "0-1"]
[Round "1"]
1.d4 g6
2.c4 d5
3.cxd5 Qd8xd5
4.Nb1c3 Qd5d6
5.g3 Bf8g7
6.Ng1f3 Bc8g4
7.Bc1f4 Qd6b6
8.Qd1c2 Bg4xf3
9.exf3 Bg7xd4
10.Bf4e3 Bd4xe3
11.fxe3 Qb6xe3
12.Bf1e2 Ng8f6
13.Ra1d1 a6
14.Rd1d3 Qe3e6
15.O-O Nb8c6
16.a3 O-O
17.Rf1e1 Qe6h3
18.Be2f1 Qh3h6
19.Nc3d5 Nf6xd5
20.Rd3xd5 e6
21.Rd5d7 Ra8c8
22.Bf1xa6 Nc6b8
23.Rd7xc7 Rc8xc7
24.Qc2xc7 Nb8xa6
25.Qc7xb7 Na6c5
26.Qb7b5 Qh6d2
27.Re1e2 Qd2d1
28.Kf2 Nc5d3
29.Ke3 Nd3c1
30.Re2g2 Rf8d8
31.Qb5b6 Qd1d3
32.Kf4 Rd8d4
{ resign }
0-1

[Event "Tourn. n8690"]
[Site "www.chess-mail.com"]
[Date "2016.04.21"]
[Round "1"]
[White "Seger"]
[Black "Milkyway"]
[WhiteElo "2720"]
[BlackElo "2269"]
[Result "1-0"]
[Round "1"]
1.e4 e6
2.d4 d5
3.Nb1d2 dxe4
4.Nd2xe4 Bc8d7
5.Bf1d3 Bd7c6
6.Ng1f3 Nb8d7
7.c4 Bf8b4
8.Ne4c3 Ng8f6
9.O-O O-O
10.d5 exd5
11.cxd5 Nf6xd5
12.Nc3xd5 Bc6xd5
13.Bd3xh7 Kxh7
14.Qd1xd5 c6
15.Qd5e4 { resign }
1-0

[Event "Match"]
[Site "www.echecsemail.com"]
[Date "2016.04.21"]
[Round "1"]
[White "Johndyson"]
[Black "Raulazo"]
[WhiteElo "2520"]
[BlackElo "1870"]
[Result "1-0"]
[Round "1"]
1.Ng1f3 e6
2.c4 Ng8f6
3.Nb1c3 Bf8c5
4.d4 Bc5b4
5.Qd1c2 d5
6.Bc1g5 Bb4e7
7.e3 Nf6e4
8.Bg5xe7 Qd8xe7
9.Nc3xe4 dxe4
10.Qc2xe4 Qe7b4
11.Nf3d2 Qb4xb2
12.Ra1b1 Qb2xa2
13.Bf1d3 Nb8d7
14.Ke2 Qa2a5
15.c5 Nd7f6
16.Qe4e5 c6
17.Nd2c4 Qa5a2
18.Rb1b2 Qa2a4
19.Nc4d6 Ke7
20.Nd6xc8 Rh8xc8
21.Qe5d6 Ke8
22.Rb2xb7 Qa4a2
23.Kd1 Qa2a4
24.Bd3c2 Qa4a1
25.Bc2b1 Qa1a4
26.Kc1 Qa4a3
27.Kc2 Qa3a4
28.Kb2 Qa4b5
29.Rb7xb5 Nf6e4
30.Bb1xe4 a6
31.Rb5b7 { resign }
1-0

[Event "Match"]
[Site "www.echecsemail.com"]
[Date "2016.04.21"]
[Round "1"]
[White "Woody"]
[Black "Genius2"]
[WhiteElo "1870"]
[BlackElo "1740"]
[Result "0-1"]
[Round "1"]
1.d4 f5
2.Ng1f3 Ng8f6
3.c4 e6
4.Nb1c3 Bf8b4
5.Bc1d2 O-O
6.g3 b6
7.Bf1g2 Bc8b7
8.O-O Bb4xc3
9.Bd2xc3 Nf6e4
10.Qd1c2 d6
11.e3 Nb8d7
12.a4 Nd7f6
13.a5 Ne4xc3
14.bxc3 Qd8e7
15.a6 Bb7e4
16.Qc2b3 Kh8
17.Nf3e1 Be4xg2
18.Ne1xg2 Nf6e4
19.Qb3c2 e5
20.f3 Ne4g5
21.f4 Ng5e4
 { time }
0-1

[Event "Match"]
[Site "www.echecsemail.com"]
[Date "2016.04.21"]
[Round "1"]
[White "Ericleo1980"]
[Black "Matchbox"]
[WhiteElo "2260"]
[BlackElo "1740"]
[Result "1-0"]
[Round "1"]
1.e4 d6
2.d4 Ng8f6
3.Nb1c3 g6
4.Bc1e3 Bf8g7
5.Qd1d2 c6
6.a4 O-O
7.h3 Qd8c7
8.Ng1f3 e5
9.dxe5 dxe5
10.Be3h6 Rf8d8
11.Bf1d3 Nb8a6
12.O-O Na6c5
13.Bh6xg7 Kxg7
14.Qd2e3 Nc5xd3
15.cxd3 h6
16.d4 exd4
17.Nf3xd4 Qc7e5
18.Ra1d1 c5
19.Nd4f3 Qe5e7
20.Rd1xd8 Qe7xd8
21.Qe3xc5 { resign }
1-0

[Event "Match"]
[Site "www.echecsemail.com"]
[Date "2016.04.21"]
[Round "1"]
[White "Juodivarnai"]
[Black "Chapi"]
[WhiteElo "2140"]
[BlackElo "2040"]
[Result "1-0"]
[Round "1"]
1.e4 c5
2.Ng1f3 Nb8c6
3.Bf1b5 a6
4.Bb5xc6 bxc6
5.O-O d5
6.d3 e6
7.Nb1c3 Bf8d6
8.b3 Ng8e7
9.Bc1b2 O-O
10.Qd1d2 Ne7g6
11.Rf1e1 Ng6e5
12.Nf3xe5 Bd6xe5
13.exd5 cxd5
14.Re1xe5 Qd8a5
15.Re5e1 Ra8b8
16.Nc3e4 Qa5c7
17.Qd2c3 f6
18.Qc3xc5 Qc7f4
19.Ne4g3 Rb8b5
20.Qc5e3 Rb5b4
21.Qe3xf4 Rb4xf4
22.Bb2a3 Rf8e8
23.Ng3e2 Rf4g4
24.h3 Rg4g6
25.Ne2f4 Rg6g5
26.h4 Rg5g4
27.Nf4xd5 Bc8b7
28.f3 Rg4xh4
29.Nd5c7 Re8c8
30.Nc7xe6 Rc8xc2
31.Ne6c5 Bb7xf3
32.gxf3 Rh4h2
33.Nc5e4 f5
34.Ba3d6 Rh2g2
35.Kh1 fxe4
36.Re1xe4 Rc2xa2
37.Ra1xa2 Rg2xa2
38.Re4a4 Ra2xa4
39.bxa4 Kf7
40.Kg2 Ke6
41.Bd6c5 Ke5
42.d4 Ke6
43.f4 Kf5
44.Kf3 h5
45.Bc5d6 g5
46.fxg5 Kxg5
47.Ke4 Kg4
48.d5 Kg5
49.Ke5 h4
50.Ke6 Kg4
51.Bd6e5 Kf3
52.d6 { resign }
1-0

[Event "Match"]
[Site "www.echecsemail.com"]
[Date "2016.04.21"]
[Round "1"]
[White "Cal"]
[Black "Pimpampum"]
[WhiteElo "1630"]
[BlackElo "1499"]
[Result "0-1"]
[Round "1"]
1.c4 e5
2.e4 Bf8c5
3.Ng1f3 d6
4.h3 f5
5.d3 Ng8f6
6.a3 a5
7.Nb1c3 O-O
8.exf5 Bc8xf5
9.Bc1g5 Nb8d7
10.Bg5xf6 Nd7xf6
11.Bf1e2 e4
12.dxe4 Nf6xe4
13.Nc3d5 Ne4xf2
14.Qd1d2 Nf2xh1
15.O-O-O Nh1g3
16.Be2d3 c6
17.Nd5f4 a4
18.Bd3xf5 Ng3xf5
19.Nf4h5 Bc5e3
20.Qd2xe3 Nf5xe3
21.Rd1d2 Qd8e8
22.Rd2xd6 Qe8xh5
{ resign }
0-1

[Event "Match"]
[Site "www.echecsemail.com"]
[Date "2016.04.21"]
[Round "1"]
[White "Caspito"]
[Black "Daquata"]
[WhiteElo "1740"]
[BlackElo "1590"]
[Result "0-1"]
[Round "1"]
1.e4 c5
2.c3 Nb8c6
3.Bf1b5 d6
4.d4 cxd4
5.cxd4 Bc8d7
6.Ng1f3 Qd8a5
7.Nb1c3 a6
8.Bb5xc6 bxc6
9.O-O Ng8f6
10.a3 g6
11.Bc1g5 Bf8g7
12.b4 Qa5c7
13.Ra1c1 Qc7b7
14.Qd1e1 Bd7g4
15.Qe1e3 O-O
16.Bg5h6 Bg7xh6
17.Qe3xh6 Bg4xf3
18.gxf3 Qb7d7
19.Kg2 Nf6h5
20.Nc3e2 e5
21.Rf1d1 Qd7e6
22.Rc1xc6 Qe6a2
23.Ne2g3 Nh5f4
24.Kf1 Qa2xa3
25.Ng3f5 gxf5
26.Qh6g5 Kh8
27.Qg5f6 Kg8
28.Qf6g5 Nf4g6
29.exf5 Qa3xf3
30.Rd1d2 Qf3xc6
31.fxg6 fxg6
32.dxe5 Rf8f5
33.Qg5e7 Qc6c1
{ resign }
0-1

[Event "Match"]
[Site "www.echecsemail.com"]
[Date "2016.04.21"]
[Round "1"]
[White "Elogic"]
[Black "Silent1"]
[WhiteElo "1880"]
[BlackElo "1790"]
[Result "1/2-1/2"]
[Round "1"]
1.d4 d5
2.Nb1c3 c6
3.Bc1f4 e6
4.Ng1f3 Bf8d6
5.Bf4xd6 Qd8xd6
6.g3 Ng8f6
7.Qd1d3 h6
8.Nf3e5 Nb8d7
9.f4 O-O
10.Bf1g2 Nf6e8
11.O-O-O a5
12.e4 b5
13.exd5 exd5
14.Ne5xc6 Qd6xc6
15.Bg2xd5 Qc6a6
16.Bd5xa8 Qa6xa8
17.Qd3xb5 Ne8c7
18.Qb5b3 Nd7f6
19.a4 Qa8b7
20.Qb3xb7 Bc8xb7
21.Rh1e1 Rf8e8
22.Nc3b5 Re8xe1
23.Rd1xe1 Nc7xb5
24.axb5 Kf8
25.c4 Nf6e4
26.c5 Ne4f2
27.Kd2 Nf2e4
28.Kd3 Ne4f6
29.c6 Bb7c8
30.b6 Bc8a6
31.Kc3 Nf6d5
32.Kb3 Nd5xb6
33.Re1a1 Nb6c4
34.Ra1c1 Nc4b6
35.c7 Ke8
36.Rc1c6 a4
37.Kb4 Nb6d5
38.Kxa4 Ba6c8
39.b4 Kd7
40.b5 Nd5xc7
41.Ka5 Nc7d5
42.Rc6c5 Bc8b7
43.b6 Kd6
44.Kb5 f6
45.h4 g6
{ draw }
1/2-1/2

[Event "Match"]
[Site "www.echecsemail.com"]
[Date "2016.04.21"]
[Round "1"]
[White "Iko"]
[Black "Pimpampum"]
[WhiteElo "1670"]
[BlackElo "1499"]
[Result "0-1"]
[Round "1"]
1.e4 e5
2.Ng1f3 Ng8f6
3.Nf3xe5 d6
4.Ne5d3 Nf6xe4
5.f3 Qd8h4
6.Nd3f2 Qh4xf2

0-1

[Event "Fast Game"]
[Site "www.echecsemail.com"]
[Date "2016.04.21"]
[Round "1"]
[White "Add"]
[Black "Fkarpov"]
[WhiteElo "1810"]
[BlackElo "1970"]
[Result "1-0"]
[Round "1"]
1.e4 e5
2.Ng1f3 Ng8f6
3.Nf3xe5 d6
4.Ne5xf7 Kxf7
5.d4 d5
6.e5 Nf6e4
7.Qd1f3 Kg8
8.a3 Nb8c6
9.c3 Nc6a5
{ time. }
1-0

[Event "Tourn. n8651"]
[Site "www.chess-mail.com"]
[Date "2016.04.22"]
[Round "1"]
[White "Falcoale"]
[Black "Sorren"]
[WhiteElo "1670"]
[BlackElo "1790"]
[Result "0-1"]
[Round "1"]
1.e4 e5
2.Ng1f3 Nb8c6
3.b3 Ng8f6
4.d3 Bf8e7
5.Bc1b2 d6
6.h3 O-O
7.Bf1e2 Bc8e6
8.O-O Rf8e8
9.Nf3h2 d5
10.Be2f3 d4
11.Nb1d2 Qd8d7
12.Ra1c1 Be7b4
13.a3 Bb4xd2
14.Qd1xd2 h6
15.c4 a6
16.Qd2d1 Ra8d8
17.g4 Nc6e7
18.b4 Ne7g6
19.Bf3e2 b6
20.f3 Ng6f4
21.c5 Nf4xh3
22.Kg2 Nh3f4
23.Kh1 Qd7c6
24.Rf1g1 Be6b3
25.Qd1xb3 Nf4xe2
26.Rg1g2 Ne2xc1
27.Bb2xc1 bxc5
28.g5 hxg5
29.Bc1xg5 cxb4
30.Nh2g4 Nf6xg4
31.Rg2xg4 Rd8d6
32.Qb3d1 Rd6g6
33.axb4 Qc6c3
34.Bg5d2 Qc3xd3
35.Rg4xg6 fxg6
36.Kg2 Re8c8
37.Kf2 c5
38.Ke1 c4
{ resign }
0-1

[Event "Tourn. n8645"]
[Site "www.chess-mail.com"]
[Date "2016.04.22"]
[Round "1"]
[White "Julian"]
[Black "Hundegana"]
[WhiteElo "2030"]
[BlackElo "1900"]
[Result "1-0"]
[Round "1"]
1.e4 c5
2.Ng1f3 d6
3.c3 a6
4.d4 Bc8g4
5.Bf1c4 e6
6.O-O Nb8c6
7.Bc1e3 d5
8.exd5 Bg4xf3
9.Qd1xf3 Nc6a5
10.dxe6 f6
11.Bc4d5 c4
12.Bd5xb7 Na5xb7
13.Qf3xb7 Ng8e7
14.Qb7f3 Ne7d5
15.Rf1e1 Bf8e7
16.Nb1d2 O-O
17.Nd2xc4 Ra8b8
18.Qf3g3 Nd5xe3
19.Nc4xe3 g6
20.Ne3f5 Rb8b5
21.Nf5h6 Kg7
22.Nh6f7 Rf8xf7
23.exf7 Kxf7
24.Re1e2 Rb5g5
25.Qg3d3 a5
26.Ra1e1 Be7d6
27.Re2e6 Kg7
28.h4 Rg5h5
29.g3 Rh5f5
30.f4 a4
31.Qd3a6 Bd6c7
32.Re6e7 Kh6
33.Qa6b7 Kh5
34.Re7xh7 Kg4
35.Kg2 Qd8d5
36.Qb7xd5 Rf5xd5
37.Rh7xc7 Rd5d6
38.Re1e3 Rd6b6
39.Re3e2 Rb6a6
40.b3 axb3
41.axb3 Ra6b6
42.Re2b2 Rb6a6
43.d5 Ra6d6
44.c4 Rd6a6
45.b4 Ra6d6
46.b5 Kf5
47.b6 Rd6d8
48.b7 g5
49.hxg5 fxg5
50.b8Q Rd8xb8
51.Rb2xb8 gxf4
52.gxf4 Kxf4
53.Rb8e8 Kf5
54.Rc7f7 Kg6
55.Rf7f3 Kg7
56.Re8e4 Kg6
57.Re4g4 Kh5
58.Rg4g8 Kh4
59.Rf3h3 { resign }
1-0

[Event "Tourn. n8705"]
[Site "www.chess-mail.com"]
[Date "2016.04.22"]
[Round "1"]
[White "Attatroll"]
[Black "Malbertan"]
[WhiteElo "1960"]
[BlackElo "2100"]
[Result "0-1"]
[Round "1"]
1.Ng1f3 d5
2.c4 d4
3.g3 c5
4.Bf1g2 Nb8c6
5.O-O Ng8f6
6.d3 e5
7.Nb1d2 Bc8e6
8.Nd2b3 Bf8e7
9.Nf3g5 Be6f5
10.Bc1d2 h6
11.Ng5e4 Nf6xe4
12.dxe4 Bf5e6
13.Ra1c1 O-O
14.e3 Qd8b6
15.exd4 cxd4
16.Qd1e2 a5
17.Kh1 a4
18.c5 Qb6a7
19.Nb3a1 Be7xc5
20.Qe2b5 Bc5e7
21.Na1c2 Be6xa2
22.f4 Be7f6
23.fxe5 Nc6xe5
24.Bd2xh6 Ba2c4
25.Qb5b4 Bc4xf1
26.Rc1xf1 Ne5c6
27.Qb4d6 Bf6e5
28.Qd6d7 gxh6
29.Qd7g4 Be5g7
30.Bg2h3 Nc6e5
31.Qg4f5 d3
32.Nc2b4 Qa7e3
33.Nb4d5 Qe3g5
34.Qf5xg5 hxg5
35.Rf1d1 a3
36.bxa3 Ra8xa3
37.Nd5e7 Kh8
38.Ne7f5 Ra3a2
39.Bh3f1 Ne5f3
40.Bf1g2 Nf3e5
41.Nf5xg7 Kxg7
42.Bg2f1 Rf8c8
43.Bf1xd3 Ne5xd3
44.Rd1xd3 Rc8c1
{ resign }
0-1

[Event "Tourn. n8656"]
[Site "www.chess-mail.com"]
[Date "2016.04.22"]
[Round "1"]
[White "Numanoid"]
[Black "Tonino1"]
[WhiteElo "2470"]
[BlackElo "2200"]
[Result "1-0"]
[Round "1"]
1.e4 c5
2.Nb1c3 e6
3.Ng1f3 Nb8c6
4.d4 cxd4
5.Nf3xd4 Bf8c5
6.Nd4b3 Bc5b4
7.Bf1d3 Ng8f6
8.O-O O-O
9.Bc1d2 Nc6e5
10.Bd3e2 a6
11.f4 Qd8b6
12.Kh1 Ne5c6
13.e5 Bb4xc3
14.Bd2xc3 Nf6e4
15.Bc3e1 f5
16.Be2d3 d5
17.Qd1h5 Bc8d7
18.c3 Kh8
19.Rf1f3 Bd7e8
20.Qh5h4 Be8g6
21.Bd3xe4 fxe4
22.Rf3g3 Bg6f5
23.Be1d2 Ra8d8
24.Bd2e3 Qb6c7
25.Rg3g5 b5
26.g4  { time }
1-0

[Event "Tourn. n8668"]
[Site "www.chess-mail.com"]
[Date "2016.04.22"]
[Round "1"]
[White "Tonino1"]
[Black "Panham"]
[WhiteElo "2200"]
[BlackElo "2200"]
[Result "0-1"]
[Round "1"]
1.d4 Ng8f6
2.Ng1f3 e6
3.e3 d5
4.Bf1d3 c5
5.b3 Nb8c6
6.a3 Qd8b6
7.Bc1b2 cxd4
8.exd4 Bf8d6
9.Nb1d2 O-O
10.O-O Qb6c7
11.Qd1e2 Rf8e8
12.Nf3e5 Nf6d7
13.Bd3xh7 Kf8
14.f4 Nd7f6
15.Bh7d3 Bc8d7
16.g4 Ke7
17.g5 Nf6g8
18.Qe2h5 Kd8
19.Ne5xf7 Kc8
20.Nf7xd6 Qc7xd6
21.c4 Nc6xd4
22.Bb2xd4 dxc4
23.Bd4e5 Qd6xd3
24.Nd2xc4 Kd8
25.Ra1d1 Qd3xb3
26.Qh5f7 Ng8e7
27.Qf7xe6 Qb3b5
28.Nc4d6 Qb5xf1
29.Kxf1 Bd7xe6
30.Nd6f7 Kc8
31.Nf7d6 Kd7
32.Nd6xb7 Kc6
33.Nb7d6 Re8h8
34.Rd1c1 Kd7
35.Nd6e4 Be6f5
36.Rc1c7 Ke6
37.Ne4c5 Kd5
38.Rc7xe7 Kxc5
39.Be5xg7 Bf5d3
40.Kg2 Rh8e8
41.Re7c7 Kb6
42.Rc7d7 Ra8d8
 { time }
0-1

[Event "Tourn. n8655"]
[Site "www.chess-mail.com"]
[Date "2016.04.22"]
[Round "1"]
[White "Biggles"]
[Black "Andychesston"]
[WhiteElo "2060"]
[BlackElo "1960"]
[Result "0-1"]
[Round "1"]
1.e4 e5
2.Ng1f3 Nb8c6
3.Bf1c4 Bf8e7
4.Nb1c3 Ng8f6
5.d3 Nc6a5
6.Bc4b3 Na5xb3
7.axb3 d6
8.h3 c6
9.O-O O-O
10.Nc3e2 Qd8c7
11.Ne2g3 d5
12.Rf1e1 Rf8d8
13.Qd1e2 d4
14.c3 dxc3
15.bxc3 b5
16.Ng3f5 Bc8xf5
17.exf5 Be7d6
18.Bc1a3 Rd8e8
19.Ba3xd6 Qc7xd6
20.Nf3xe5 Re8e7
21.d4 Ra8e8
22.Qe2d2 c5
23.Re1e3 Re7xe5
24.Re3xe5 Re8xe5
25.Ra1xa7 h6
26.Qd2d1 Re5xf5
27.Ra7a8 Kh7
28.Qd1d3 g6
29.Qd3xb5 cxd4
30.Qb5b7 Qd6d5
31.Qb7b8 g5
32.cxd4 Qd5e6
33.Ra8a1 Nf6d7
34.Qb8g3 Rf5d5
35.Qg3c3 Qe6d6
36.Qc3d3 Kg7
37.Ra1a6 Qd6b4
38.Ra6a4 Qb4e1
39.Qd3f1 Qe1c3
40.Qf1d1 Nd7c5
41.Ra4c4 Qc3xb3
42.Qd1e2 Qb3b1
43.Kh2 Qb1d3
44.Qe2a2 Nc5b3
45.Rc4b4 Rd5b5
46.Qa2xb3 Qd3xb3
47.Rb4xb3 Rb5xb3
{ resign }
0-1